Statistiques concernant Pokémon-Les mots qui commencent par Poké

Cliquez ici pour prendre le quiz!

Statistiques générales

  • Ce quiz a été pris 48 fois
    (47 depuis la dernière actualisation)
  • Le résultat moyen est 13 sur 30

Statistiques - réponses

DescriptionMot% Correct
Invention la plus célèbre du
Professeur Chen
Pokédex
98%
Créature de l'univers en questionPokémon
98%
Objet de base dans la capture des
Pokémon
Pokéball
89%
Monnaie de PokémonPokédollar
70%
Objet ancien qui permet de réveiller
Ronflex
Pokéflûte
70%
Engouement pour Pokémon, terme
utilisé dans les années 2000 pour
décrire l'intérêt du public pour
Pokémon
Pokémania
64%
Appareil que l'on porte au poignet
à Sinnoh
PokéMontre
64%
Endroit de la carte qui donne des
objets si on le fait tourner dans
Pokémon Go
Pokéstop
59%
Type de Dresseur souvent vu
avec une peluche Pokémon
Pokéfan
57%
Pokémon qui nous aide à nous
déplacer, entre autres à Alola
Poké Monture
57%
Encyclopédie en ligne consacré
à Pokémon
Poképédia
57%
Lieu d'Unys où sont tournés les filmsPokéwood
48%
Objet utilisé pour fuir un combat
contre un Pokémon sauvage
Poképoupée
45%
Très contagieux et rare, il permet
aux Pokémon d'avoir des Stats
augmentées
Pokérus
45%
Objet qui permet de faire des chaînes
de Pokémon dans les hautes herbes
dans Pokémon Platine
Poké Radar
43%
Compétition sportive installée à Johto
dans Heartgold et Soulsilver
Pokéathlon
41%
Aliment fabriqué à partir de Baies
dans la région de Hoenn
PokéBloc
39%
Appareil servant entre autres de
Carte à Hoenn dans la 3G
PokéNav
39%
Nom donné à Sacha et ses amis
dans l'anime
Pokégroupe
36%
Deux jeux sortis sur WiiPoképark
36%
Type de Dresseur qui collectionne
des Pokémon rares
Pokémaniac
32%
Appareil typique de Johto, qui sert
de Carte, téléphone et radio
PokéMatos
23%
Fonctionnalité apparue dans X & Y
qui permet entre autres à Nymphali
d'évoluer
Poké Récré
20%
Soutien d'un Pokémon ami pendant la
capture dans Pokémon Ranger
Poké Aide
16%
Echange de Pokémon par
l'intermédiaire d'un laboratoire
dans la 5ème génération
Poké Fret
9%
Nom de l'équipe d'exploration des
héros dans l'anime
Donjon Mystère
Poképotes
9%
Compétition entre Pokémon Vols
dans l'anime de Sinnoh
Pokévolanneau
7%
Nouvel aliment à donner aux Pokémon
apparu à Alola
Poké Fève
5%
Tournoi de la Ligue Pokémon de GalarPoké Masters
5%
Appareil utilisé dans Poékmon
Rubis Oméga & Saphir Alpha
Poké Multi-Navi
0%

Distribution des résultats

Percentile par nombre de réponses

% des personnes avec chaque résultat

Votre développement - résultats

Vous n’avez pas pris ce quiz depuis la dernière actualisation